LEADER 01290nam0 2200265 450 001 000011609 005 20090303103222.0 100 $a20080521d1909----km-y0itay50------ba 101 0 $afre 102 $aFR 105 $aa-------001yy 200 1 $aLa route de l'air$eaeronautique aviation$ehistoire, theorie, pratique$fAlphonse Berget 210 $aParis$cHachette$d1909 215 $aVI, 311 p.$cill.$d23 cm 316 $aLegatura in quarto di pelle su piatti di cartone ricoperti di c. dec. (24x17x5 cm); dorso con A., tit., e filetti impressi in oro; ivi, inoltre, etichette con antiche segnature; imbrunimento delle carte$5UNIPARTHENOPE 317 $aSulla controguardia ant. antiche segnature mss.: 173 l 13 [n.i.]; 1358 [n.i.]; II-G-VIII-14 [n.i.]; Classe VII n° 1131 Ingresso N. 2820 del Registro inventario della Regia Marina Biblioteca dipartimentale di Napoli; timbro A della Reale Biblioteca di Marina$5UNIPARTHENOPE 620 $aFrancia$dParigi 676 $a629.13$v21$9Aeronautica 700 1$aBerget,$bAlphonse$0631149 712 02$aDue Sicilie : Ministero della guerra e della marina$4390 801 0$aIT$bUNIPARTHENOPE$c20080521$gRICA$2UNIMARC 912 $a000011609 951 $aBORB-G-61$b2820$cFB$d2008 996 $aLa route de l'air$91204318 997 $aUNIPARTHENOPE